000 00351pab a2200157 454500
008 180718b1996 xxu||||| |||| 00| 0 eng d
100 _aPal, Samir
245 _aPollution
_bthe looming danger.
260 _c1996
300 _ap.31-32
362 _aJul
650 _aPollution - India
650 _aPollution
773 _aYojana
909 _a31651
999 _c31651
_d31651